Statistics for Flag Maps by Category

Click here to take the quiz!

General Stats

  • This quiz has been taken 2,979 times
  • The average score is 47 of 64

Answer Stats

QuestionTileSelect% Correct
that are in AsiaNo
98%
that are in AsiaNo
98%
that are in AsiaNo
98%
that are in AsiaNo
98%
that are in AsiaNo
97%
that are in AsiaNo
97%
that are in AsiaNo
96%
that are in AsiaYes
93%
that are in AsiaYes
92%
that are in AsiaYes
92%
that are in AsiaYes
92%
that are in AsiaNo
92%
that are in AsiaYes
91%
that are in AsiaNo
87%
that are in the Andes MountainsNo
85%
that are in the Andes MountainsNo
85%
that are in the Andes MountainsNo
85%
that are in the Andes MountainsNo
84%
that have more than 100 million inhabitants as of April 2021Yes
84%
that are in AsiaYes
83%
that are in the Andes MountainsNo
83%
that have a megacityNo
83%
that are in the Andes MountainsNo
83%
that have a megacityNo
81%
that are in the Andes MountainsNo
81%
that have a megacityYes
81%
that have more than 100 million inhabitants as of April 2021No
81%
that are in the Andes MountainsNo
79%
that have a megacityNo
78%
that have more than 100 million inhabitants as of April 2021No
78%
that have more than 100 million inhabitants as of April 2021No
78%
that have a megacityYes
78%
that are in AsiaYes
78%
that have more than 100 million inhabitants as of April 2021No
78%
that have more than 100 million inhabitants as of April 2021No
77%
that have more than 100 million inhabitants as of April 2021Yes
77%
that have more than 100 million inhabitants as of April 2021Yes
75%
that are in the Andes MountainsNo
72%
that are in the Andes MountainsYes
71%
that have more than 100 million inhabitants as of April 2021No
70%
that are in the Andes MountainsYes
70%
that have a megacityNo
69%
that are in the Andes MountainsYes
69%
that have more than 100 million inhabitants as of April 2021No
69%
that have a megacityNo
67%
that are in the Andes MountainsYes
67%
that have more than 100 million inhabitants as of April 2021Yes
67%
that have more than 100 million inhabitants as of April 2021Yes
65%
that have a megacityNo
62%
that have a megacityNo
61%
that have a megacityYes
59%
that have a megacityYes
59%
that have more than 100 million inhabitants as of April 2021No
58%
that have a megacityNo
58%
that have a megacityNo
55%
that have more than 100 million inhabitants as of April 2021Yes
55%
that have more than 100 million inhabitants as of April 2021Yes
53%
that are in the Andes MountainsNo
52%
that are in the Andes MountainsYes
50%
that have more than 100 million inhabitants as of April 2021Yes
47%
that have a megacityYes
42%
that are in the Andes MountainsYes
39%
that have a megacityYes
36%
that have a megacityYes
24%

Score Distribution

Percentile by Number Answered

Percent of People with Each Score

Your Score History

You have not taken this quiz